书目信息 |
| 题名: |
发展心理学
|
|
| 作者: | 纽曼 著 ;白学军 译 | |
| 分册: | 上册 | |
| 出版信息: | 西安 陕西师范大学出版社 2005.12 |
|
| 页数: | 366页 | |
| 开本: | 25cm | |
| 丛书名: | ||
| 单 册: | ||
| 中图分类: | B844 | |
| 科图分类: | ||
| 主题词: | 发展心理学--fa zhan xin li xue--高等学校--教材 | |
| 电子资源: | ||
| ISBN: | 7-5613-3469-9 | |
| 000 | 00872nam0 2200253 450 | |
| 001 | 012006646871 | |
| 005 | 20060407094749.25 | |
| 010 | @a7-5613-3469-9@dCNY82.00 (全二册) | |
| 100 | @a20060407d2005 km y0chiy0120 ea | |
| 101 | 1 | @achi@ceng |
| 102 | @aCN@b610000 | |
| 105 | @aa z 001yy | |
| 200 | 1 | @a发展心理学@Afa zhan xin li xue@h上册@f(美) 纽曼等著@F(mei)niu man deng zhu@g白学军等译@Gbai xue jun deng yi |
| 210 | @a西安@c陕西师范大学出版社@d2005.12 | |
| 215 | @a366页@c图@d25cm | |
| 305 | @a译自原书第8版 | |
| 320 | @a有索引。 | |
| 330 | @a本书内容包括:毕生发展观、研究过程、心理社会性理论、理解人类发展的主要理论、怀孕期和胎儿的发展等。 | |
| 606 | 0 | @a发展心理学@Afa zhan xin li xue@x高等学校@j教材 |
| 690 | @aB844@v4 | |
| 701 | 1 | @a纽曼@Aniu man@4著 |
| 702 | 0 | @a白学军@Abai xue jun@4译 |
| 801 | 0 | @aCN@bQSSK@c20060407 |
| 905 | @a10447@dB844@eN734:1 | |
| 发展心理学.上册/(美) 纽曼等著/白学军等译.-西安:陕西师范大学出版社,2005.12 |
| 366页:图;25cm |
| ISBN 7-5613-3469-9:CNY82.00 (全二册) |
| 本书内容包括:毕生发展观、研究过程、心理社会性理论、理解人类发展的主要理论、怀孕期和胎儿的发展等。 |
| ● |
| 相关链接 |
|
|
|
正题名:发展心理学
索取号:B844/N734:1
 
预约/预借
| 序号 | 登录号 | 条形码 | 馆藏地/架位号 | 状态 | 备注 |
| 1 | 557402 | 205574029 | 社科库509/509社科库 37排4列3层/ [索取号:B844/N734:1] | 在馆 | |
| 2 | 557403 | 205574038 | 社科库509/ [索取号:B844/N734:1] | 在馆 | |
| 3 | 557404 | 205574047 | 社科库509/509社科库 37排4列3层/ [索取号:B844/N734:1] | 在馆 |